Anglais Verbe irrégulier Anglais -> Français (tous) - Statistiques

Statistiques générales
  • Ce quiz a été pris 26 fois
  • Le résultat moyen est 61 sur 177
Statistiques - réponses
Hint Réponse % Correct
become became become devenir
100%
be was,were been être
96%
choose chose chosen choisir
92%
begin began begun commencer
92%
build built built construire
92%
buy bought bought acheter
88%
go went gone aller
88%
have had had avoir
88%
break broke broken casser
88%
cut cut cut couper
88%
give gave given donner
88%
can could could pouvoir
88%
fall fell fallen tomber
88%
come came come venir
88%
fly flew flown voler
88%
drink drank drunk boire
83%
burn burnt,burned burnt,burned brûler
83%
cost cost cost coûter
83%
hear heard heard entendre
83%
do did done faire
83%
eat ate eaten manger
83%
bite bit bitten mordre
83%
forget forgot forgotten,forgot oublier
83%
dream dreamt,dreamed dreamt,dreamed rêver
83%
find found found trouver
83%
drive drove driven conduire
79%
bring brought brought apporter
75%
hide hid hidden cacher
75%
keep kept kept garder
75%
catch caught caught attraper
71%
beat beat beaten battre
71%
freeze froze frozen geler
71%
feed fed fed nourrir
71%
think thought thought penser
71%
run ran run courir
67%
sleep slept slept dormir
67%
write wrote written écrire
67%
read read read lire
67%
put put put mettre
67%
swim swam swum nager
67%
speak spoke spoken parler
67%
pay paid paid payer
67%
lose lost lost perdre
67%
take took taken prendre
67%
meet met met rencontrer
67%
hold held held tenir
67%
learn learnt learnt apprendre
63%
sing sang sung chanter
63%
understand understood understood comprendre
63%
say said said dire
63%
teach taught taught enseigner
63%
win won won gagner
63%
forbid forbade forbidden interdire
63%
fight fought fought se battre
63%
smell smelt smelt sentir
63%
see saw seen voir
63%
hurt hurt hurt blesser
58%
forgive forgave forgiven pardonner
58%
bet bet bet parier
58%
quit quit quit quitter
58%
bleed bled bled saigner
58%
sit sat sat s'asseoir
58%
awake awoke awoken se réveiller
58%
send sent sent envoyer
54%
sell sold sold vendre
54%
shine shone shone briller
50%
dig dug dug creuser
50%
wake woke woken réveiller
50%
shut shut shut fermer
46%
throw threw thrown jeter
46%
get got gotten,got obtenir
46%
prove proved proven,proved prouver
46%
light lit,lighted lit,lighted allumer
42%
stick stuck stuck coller
42%
swear swore sworn jurer
42%
show showed shown montrer
42%
mean meant meant signifier
42%
make made made fabriquer
38%
slide slid slid glisser
38%
shake shook shaken secouer
38%
lend lent lent prêter
33%
relay relaid relaid relayer
33%
seek sought sought chercher
25%
sink sank,sunk sunk,sunken couler
25%
rise rose risen lever
25%
wet wet,wetted wet,wetted mouiller
25%
dive dived dived,dove plonger
25%
kneel knelt,knelled knelt,kneled s'agenouiller
25%
stand stood stood être debout
21%
tear tore torn déchirer
17%
weep wept wept pleurer
17%
sweat sweat,sweated sweat,sweated suer
17%
overcome overcame overcome surmonter
17%
burst burst burst éclater
13%
stink stank stunk puer
13%
lie lay lain s'allonger
13%
saw saw,sawed sawn,sawed scier
13%
swing swung swung se balancer
13%
speed sped sped aller vite
8%
sweep swept swept balayer
8%
shoe shod shod chausser
8%
deal dealt dealt distribuer
8%
strike struck stricken,struck frapper
8%
dwell dwelt dwelt,dwelled habiter
8%
lay laid laid poser
8%
spill spilt,spilled spilt,spilled renverser
8%
withdraw withdrew withdrawn se retirer
8%
mow mowed mowed,mown tondre
8%
slay slew slain tuer
8%
forsake forsook forsaken abandonner
4%
offset offset offset compenser
4%
know knew known connaître, savoir
4%
spit spat,spit spat,spit cracher
4%
rid rid rid débarasser
4%
rend rent rent déchirer
4%
spend spent spent dépenser, passer du temps
4%
draw drew drawn dessiner, tirer
4%
broadcast broadcast broadcast diffuser, émettre
4%
tell told told dire, raconter
4%
breed bred bred élever (des animaux)
4%
thrust thrust thrust enfoncer
4%
wind wound wound enrouler, remonter
4%
strew strewed strewn,strewed éparpiller
4%
slit slit slit fendre
4%
split split split fendre
4%
set set set fixer
4%
spoil spoilt spoilt gâcher, gâter
4%
grow grew grown grandir, pousser
4%
chide chid,chode chid,chidden gronder
4%
fling flung flung lancer
4%
ride rode ridden monter (vélo,cheval)
4%
bid bid,bade bid,bidden offrir
4%
tread trod trodden piétiner quelque chose
4%
sting stung stung piquer
4%
bend bent bent plier, se courber
4%
wear wore worn porter (avoir sur soi)
4%
bear bore borne,born porter, supporter, naître
4%
partake partook partaken prendre part à
4%
forecast forecast forecast prévoir
4%
foresee foresaw foreseen prévoir, préssentir
4%
preset preset preset programmer
4%
thrive throve,thrived thriven,thrived prospérer
4%
creep crept crept ramper
4%
spread spread spread répandre
4%
shed shed shed répandre, laisser tomber
4%
shrink shrank shrunk rétrécir, diminuer
4%
cling clung clung s'accrocher
4%
leap leapt,leaped leapt,leaped sauter, bondir
4%
strive strove striven s'efforcer
4%
sow sowed sown,sowed semer
4%
slink slunk,slinked slunk,slinked s'en aller furtivement
4%
flee fled fled s'enfuir
4%
lean leant,leaned leant,leaned s'incliner, se pencher
4%
ring rang rung sonner, téléphoner
4%
blow blew blown souffler, gonfler
4%
undergo underwent undergone subir
4%
spring sprang sprung surgir, jaillir, bondir
4%
hang hung hung tenir, pendre
4%
shoot shot shot tirer, fusiller
4%
wring wrung wrung tordre
4%
spin spun spun tourner, faire tourner
4%
steal stole stolen voler, dérober
4%
typeset typeset typeset composer
0%
beget begat,begot begotten engendrer
0%
spell spelt spelt épeler, orthographier
0%
swell swelled,sweated swollen gonfler, enfler
0%
clothe clad,clothed clad,clothed habiller, recouvrir
0%
cast cast cast jeter, distribuer (rôles)
0%
leave left left laisser, quitter, partir
0%
lead led led mener, guider
0%
grind ground ground moudre, opprimer
0%
let let let permettre, louer
0%
abide abode abode respecter, se conformer à
0%
feel felt felt se sentir, ressentir
0%
plead pled,pleaded pled,pleaded supplier, plaider
0%
arise arose arisen survenir
0%
hit hit hit taper, appuyer
0%
Aucun quiz correspondant
Distribution des résultats
% des personnes avec chaque résultat
Percentile par nombre de réponses
Votre historique - résultats
Vous n’avez pas pris ce quiz